00985cam a2200217 450000500170000000800410001702000150005805000270007310000260010024502430012626000300036930000270039950400420042665000580046865000470052670000410057370000400061470000370065470000370069170000390072820260529085216.0 s2005 ck spa  a958350526904aKHH3446.G45 bH66 20051 aHooft, Pedro Federico10aBioetica, derecho y sociedad b : casos bioéticos en la jurisprudencia c / Pedro Federico Hooft; colaboradores Geraldine J. Picardi, Ricardo Gutiérrez, Lynette G. Hooft ; prólogo Diego García ; presentación Augusto M. Morello. aBogotá :bTemis, c2005 axxvi, 540 p. ;c24 cm. aBibliografía : p. 499-527 e índie 72lembaGénetica médica xLegislación zColombia  72lembaBioéticaxLegislaciónzColombia 1 aPicardi, Geraldine J., ecolaborador1 aGutiérrez, Ricardo, ecolaborador1 aHooft, Lynette G., ecolaborador1 aGarcía, Diego, epróloguista1 aMorello, Augusto M., eprologuista